00711nam a2200217 i 450000100060000000300090000600500170001500700030003200800410003510000350007624500500011125000120016126000780017330000200025150501040027174000200037574000190039574000150041474000310042985200330046020422ES-MaACL20260203063027.0t|021112s1944 sp ||||1| spa d1 aAgustí, Ignacio, d1913-197413aLa ceniza fué árbol / cIgnacio Agustí. a2ª ed. aBarcelona : bDestino, c[1944] (fTalls. Gráficos Agustín Núñez) a4 v. ; c20 cm.8 aContiene: I. Mariana Rebull -- II. El viudo Rius -- III. Desiderio -- IV. Joaquín Rius y su nieto0 aMariona Rebull.3 aEl Viudo Rius.0 aDesiderio.0 aJoaquín Rius y su nieto. aES-MaACLjE-3928-9 bR.20956